000 00862nam a2200217Ia 4500
003 GCL
008 140319s9999 xx 000 0 ara d
040 _aGCL /
_cGCL
082 0 4 _a624.1
_bع م
100 1 _aعبداللطيف ابوالعطا البقرى
245 1 0 _aالموسوعة الهندسية لانشاء المبانى والمرافق العامة : المواصفات , التصميمات , معدلات المواد , العمالة /
_cعبداللطيف ابوالعطا البقرى
260 _aالقاهرة :
_bمكتبة الانجلوالمصرية ،
_c1994
300 _a1173 ص ؛
_c24 سم
490 _a
650 0 4 _aهندسة الانشاءات
650 0 4 _aالتصميم الانشائى
650 0 4 _aالبناء
650 0 4 _aمواد البناء
650 0 4 _aالمرافق العامة
942 _2ddc
_cBK
999 _c37388
_d37388